Malaysia master tax guide 1992
| Format: | Book |
|---|---|
| Published: |
Singapore :
CCH Asia ,
1992
|
| Edition: | 9th ed |
| Subjects: |
MARC
| LEADER | 00000cam a2200000 7i4500 | ||
|---|---|---|---|
| 001 | 0000000698 | ||
| 002 | 000000794 | ||
| 005 | 20000330.0 | ||
| 020 | |a 9810032013 | ||
| 090 | 0 | 0 | |a 336.2009595 |b MAL |
| 245 | 0 | 0 | |a Malaysia master tax guide 1992 |
| 250 | |a 9th ed | ||
| 260 | |a Singapore : |b CCH Asia , |c 1992 | ||
| 300 | |a p.v. ; |c 23cm. | ||
| 650 | 0 | 0 | |a Taxation |z Malaysia |
| 999 | |a 029366 |b BUKU |c MALAYSIANA |e PERPUSTAKAAN KOMUNITI PETALING JAYA | ||